000 00538cam a2200193Ia 4500
020 _a0618124942 :
020 _a0618124934
040 _cUWB
082 _a813 HOU 2002 A094 Or.
245 0 4 _aThe best American mystery stories 2002 /
260 _aBoston :
_bHoughton Mifflin Co.,
_c2002.
300 _axv, 405 p. ;
_c22 cm.
650 0 _aShort stories, American
650 0 _aShort stories, American.
650 0 _aDetective and mystery stories, American.
700 1 _aEllroy, James,
700 1 _aPenzler, Otto.
942 _cEK
999 _c13814
_d13814